Statistics for Largest Cities Located at Maximum 500 Miles away from Seattle

Click here to take the quiz!

General Stats

  • This quiz has been taken 74 times
  • The average score is 11 of 22

Answer Stats

# Distance in mi Population City % Correct
13145632'000Portland
100%
12138173'000Vancouver (WA)
90%
11121604'000Vancouver (BC)
90%
18229213'000Spokane
87%
425208'000Tacoma
84%
20404218'000Boise
81%
16187165'000Salem
74%
16140'000Bellevue
69%
19249163'000Eugene
62%
526108'000Everett
56%
316127'000Kent
56%
214421'231'000Calgary
51%
210100'000Renton
50%
7106468'000Surrey
34%
8114190'000Richmond
28%
14146111'000Gresham
26%
6100134'000Abbotsford
25%
15147102'000Hillsboro
24%
9117223'000Burnaby
21%
17204117'000Kelowna
19%
10118127'000Coquitlam
16%
22497100'000Red Deer
7%

Score Distribution

Percentile by Number Answered

Percent of People with Each Score

Your Score History

You have not taken this quiz